|
|
|
|
| LEADER |
00642nam a2200169 a 4500 |
| 005 |
20151028161956.0 |
| 008 |
960221s1955 dcuabcdjdbkoqu001 0deng d |
| 003 |
ViArRB |
| 082 |
|
|
|a 331
|
| 100 |
|
|
|a Gurucharan, Patro
|9 14880
|
| 245 |
|
|
|a Management of contract labour in Indian industry
|b : a study of steel industry
|
| 653 |
|
|
|a Labour economics
|a Rourkela steel plant- a profile
|a Socio-Economic conditions
|
| 700 |
|
|
|a Purnochandra, Misra
|9 14879
|
| 942 |
|
|
|c BK
|6 _
|
| 260 |
|
|
|a Delhi
|b Discovery Publishing House
|c 1989
|
| 999 |
|
|
|c 72797
|d 72797
|
| 952 |
|
|
|0 0
|1 0
|2 ddc
|4 0
|6 331_M9
|7 0
|9 84768
|a SOS
|b SOS
|d 2009-12-23
|o 331 M9
|p MS005915
|r 2013-06-14
|w 2009-07-13
|y BK
|